000 00982nam a22002295i 4500
001 162400
003 ES-MaACL
005 20250821063101.0
008 990923s1891 mx |||| | spa d
040 _aCCPB | B
_bspa
_cCCPB | B
100 1 _aZorita, Alonso de,
_dca. 1512-1585
_9157785
245 1 0 _aBreve y sumaria relación de los señores de la Nueva España.
260 _aMéxico :
_b[s.n.],
_c1891 (
_fImprenta de Francisco Díaz de León)
300 _aXLVII, 319 p. ;
_c22 cm.
490 1 _aNueva colección de documentos para la historia de México
505 8 _aContiene: Pomar. Relación de Tezcoco ; Zurita. Breve relación de los Señores de la nueva España ; Varias relaciones antiguas
650 4 _aAztecas.
_910469
651 4 _aMéxico-
_xHistoria-
_y1521-1821, Época colonial.
_9158070
830 0 _aNueva colección de documentos para la historia de México
_9182043
852 _aES-MaACL
_jB-5360
_z-- Enc. hol.
999 _c162400
_d162400